Big General Knowledge Quiz #4582 - Statistics

General Stats
  • This quiz has been taken 3 times
  • The average score is 2 of 14
Answer Stats
Hint Answer % Correct
Released in 1964 Roald Dahl released a book about a boy with a confectionary passion. What was the boys name? Charlie
67%
Anakin Skywalker famously had one son, what was his name? Luke
67%
What is the name of the fruit that is a tangor, a hybrid between a mandarin orange and a sweet orange? Clementine
33%
Which nation was invaded and annexed by the Soviet Union in 1922, then in 2003 the Rose Revolution led to it regaining its status as an independent nation-state? Georgia
33%
What work can be used as a prefix for fruit and hammer, and suffix for black and arse? Jack
33%
Who is commonly referred to as the "Alpha of Whanganui-a-tara"? Bryda
0%
What is the name of the frontman for the multi-platinum british group formed at the University of London's orientation week in 1996? Chris Martin
0%
The historic Oneida Homestead of New Zealand, established in the 1800's to facilitate the commercialisation of the regions totara and kauri trade is located in which town? Fordell
0%
Who was selected with the 26th overall pick of the National Basketball Association's 2004 draft by the Sacramento Kings? Kevin Martin
0%
On November 11,2000 the iconic New Zealand boxer David "Tuaman" Tua fought who for the heavyweight championship of the world? Lennox Lewis
0%
In November 2023 the conviction of who caught the attention of the New Zealand news watching public? Lynee Maree Martin
0%
What is the name of the actress who made her debut on screen as Arya Stark in the Game of Thrones series? Maisie Williams
0%
In the 1994 hit movie The Shawshank Redemption Brian Delate plays what profession with the role of Mr Deakins? Prison Guard
0%
Who was the headline act for the 2024 Australia-New Zealand laneway festival? Stormzy
0%
No matching quizzes found
Score Distribution
Percent of People with Each Score
Percentile by Number Answered
Your Score History
You have not taken this quiz